书目信息 |
| 题名: |
计算机图形学基础
|
|
| 作者: | 徐文鹏 , 都伟冰 , 曾艳阳 , 雒芬 , 徐文鹏 … 编著 | |
| 分册: | ||
| 出版信息: | 北京 清华大学出版社 2020.03 |
|
| 页数: | 315页 | |
| 开本: | 26cm | |
| 丛书名: | ||
| 单 册: | ||
| 中图分类: | TP391.412 | |
| 科图分类: | ||
| 主题词: | 图形软件 | |
| 电子资源: | ||
| ISBN: | 978-7-302-54637-5 | |
| 000 | 01105nam0 2200301 450 | |
| 001 | 2233791857 | |
| 005 | 20220526144812.51 | |
| 010 | @a978-7-302-54637-5@dCNY59.80 | |
| 100 | @a20200928d2020 em y0chiy50 ea | |
| 101 | 0 | @achi |
| 102 | @aCN@b110000 | |
| 105 | @aak z 000yy | |
| 200 | 1 | @a计算机图形学基础@Aji suan ji tu xing xue ji chu@eOpenGL版@f徐文鹏 … [等]编著@Fxu wen peng…[deng]bian zhu |
| 205 | @a2版 | |
| 210 | @a北京@c清华大学出版社@d2020.03 | |
| 215 | @a315页@c图@d26cm | |
| 300 | @a高等学校计算机专业教学改革推荐教材 | |
| 330 | @a本书以OpenGL为工具,来辅助学习与掌握图形学相关知识与技术。全书内容上以经典计算机图形学体系为主,主要包括绪论、图形系统、二维图形生成、几何变换、三维观察、三维造型和真实感图形技术。 | |
| 517 | 1 | @aOpenGL版@AOpenGL ban |
| 606 | 0 | @a图形软件 |
| 690 | @aTP391.412@v5 | |
| 701 | 0 | @a徐文鹏@Axu wen peng@4编著 |
| 701 | 0 | @a都伟冰@Adu wei bing@4编著 |
| 701 | 0 | @a曾艳阳@Azeng yan yang@4编著 |
| 701 | 0 | @a雒芬@Aluo fen@4编著 |
| 701 | 0 | @a徐文鹏 …@Axu wen peng…@4编著 |
| 801 | 0 | @aCN@b河南城建学院图书馆@c20200928 |
| 905 | @dTP391.412@eX810=2 | |
| 计算机图形学基础:OpenGL版/徐文鹏 … [等]编著.-2版.-北京:清华大学出版社,2020.03 |
| 315页:图;26cm |
| 高等学校计算机专业教学改革推荐教材 |
| ISBN 978-7-302-54637-5:CNY59.80 |
| 本书以OpenGL为工具,来辅助学习与掌握图形学相关知识与技术。全书内容上以经典计算机图形学体系为主,主要包括绪论、图形系统、二维图形生成、几何变换、三维观察、三维造型和真实感图形技术。 |
| ● |
| 相关链接 |
|
|
|
正题名:计算机图形学基础
索取号:TP391.412/X810=2
 
预约/预借
| 序号 | 登录号 | 条形码 | 馆藏地/架位号 | 状态 | 备注 |
| 1 | 1507523 | 215075237 | 自科库301/301自科库 104排2列1层/ [索取号:TP391.412/X810=2] | 在馆 |